The Times index.

Indexes the Times, Sunday times and magazine, Times literary supplement, Times educational supplement, Times educational supplement Scotland, and the Times higher education supplement.

Bibliographic Details
Previous Title:Index to The times
Corporate Author: Primary Source Media Limited
Format: Journal
Language:English
Published: Reading, Eng. : Newspaper Archive Developments Ltd.
Subjects:
Online Availability: Check for online availability

MARC

Tag First Indicator Second Indicator Subfields
LEADER 00000cas a2200000 4500
001 in00000085919
005 20151008064345.0
008 770418d19732013enkmr p i 0 a0eng c
010 |a  77646347  
016 7 |a 010182615  |2 Uk 
019 |a 13614336  |a 55643608  |a 55643612  |a 55643627  |a 55643633 
022 0 |a 0260-0668  |l 0260-0668  |2 z 
029 1 |a NLGGC  |b 832191981 
029 1 |a NZ1  |b 5046485 
029 1 |a AU@  |b 000000943090 
029 1 |a AU@  |b 000021820921 
035 |a (OCoLC)ocm02897414 
037 |b Newspaper Archive Developments Ltd., Holybrook House, Castle Street, Reading RG1 7SN, England 
040 |a FWA  |b eng  |c FWA  |d FUG  |d DLC  |d OCL  |d NST  |d DLC  |d NSD  |d DLC  |d NST  |d HUL  |d DLC  |d NST  |d DLC  |d NST  |d IUL  |d HVL  |d IUL  |d DLC  |d CDS  |d OCLCQ  |d IUL  |d OCLCQ  |d NLGGC  |d LVB  |d NYDWH  |d IUL  |d SBM  |d OCLCQ  |d UKMGB  |d OCLCQ  |d OCL  |d CUS  |d LRU  |d OCLCF  |d UtOrBLW 
042 |a pcc  |a nsdp 
049 |a TXAM 
050 0 0 |a AI21  |b .T46 
082 0 4 |a 072/.1 
222 4 |a The Times index 
245 0 4 |a The Times index. 
264 1 |a Reading, Eng. :  |b Newspaper Archive Developments Ltd. 
300 |a volumes ;  |c 25-30 cm. 
310 |a Monthly,  |b 1977- 
321 |a Quarterly,  |b 1973-76 
336 |a text  |b txt  |2 rdacontent 
337 |a unmediated  |b n  |2 rdamedia 
338 |a volume  |b nc  |2 rdacarrier 
362 1 |a Began with: Jan./Mar. 1973; ceased with: July 2013. 
520 |a Indexes the Times, Sunday times and magazine, Times literary supplement, Times educational supplement, Times educational supplement Scotland, and the Times higher education supplement. 
550 |a Issued by: Primary Source Media, <Mar. 1999-> 
630 0 0 |a Times (London, England)  |v Indexes  |v Periodicals. 
710 2 |a Primary Source Media Limited. 
730 0 |a Times (London, England) 
730 0 |a Sunday times (London, England : 1931) 
730 0 |a Times educational supplement. 
730 0 |a Times educational supplement Scotland. 
730 0 |a Times literary supplement. 
730 0 |a Times higher educational supplement. 
776 0 8 |i Online version:  |t Times index  |x 0260-0668  |w (OCoLC)754876518 
780 0 0 |t Index to The times  |x 0046-8924  |w (DLC) 15004479  |w (OCoLC)1779331 
891 2 0 |9 853  |8 1  |a (year)  |b (month)  |u 12  |w m  |x 01 
891 4 1 |9 863  |8 1.1  |a 1977  |b <01> 
936 |a Jan.-Dec. 1980 (surrogate) 
994 |a C0  |b TXA 
949 |a updated  |b h  |c 2014/1/21  |e coplinger  |f 3:03:52 pm 
999 |a MARS 
999 f f |s 12b340ab-d275-3b23-84b8-a708f6a87855  |i fe3bab6a-de4a-3d8f-b9f5-d1eba59eeb8b  |t 0 
952 f f |p 4_hour  |a Texas A&M University  |b College Station  |c Sterling C. Evans Library  |d Evans: Microforms Reference (3rd floor)  |t 0  |e AI21 .T46  |h Library of Congress classification  |i unmediated -- volume  |k 2010  |m A14839683078 
952 f f |p 4_hour  |a Texas A&M University  |b College Station  |c Sterling C. Evans Library  |d Evans: Microforms Reference (3rd floor)  |t 0  |e AI21 .T46  |h Library of Congress classification  |i unmediated -- volume  |l 1974:Apr./June  |m A14826278377 
952 f f |p 4_hour  |a Texas A&M University  |b College Station  |c Sterling C. Evans Library  |d Evans: Microforms Reference (3rd floor)  |t 0  |e AI21 .T46  |h Library of Congress classification  |i unmediated -- volume  |l 1976:July/Sept.  |m A14826278733 
952 f f |p 4_hour  |a Texas A&M University  |b College Station  |c Sterling C. Evans Library  |d Evans: Microforms Reference (3rd floor)  |t 0  |e AI21 .T46  |h Library of Congress classification  |i unmediated -- volume  |k 2008  |m A14837479758 
952 f f |p 4_hour  |a Texas A&M University  |b College Station  |c Sterling C. Evans Library  |d Evans: Microforms Reference (3rd floor)  |t 0  |e AI21 .T46  |h Library of Congress classification  |i unmediated -- volume  |k 2013:July  |m A14842164445 
952 f f |p 4_hour  |a Texas A&M University  |b College Station  |c Sterling C. Evans Library  |d Evans: Microforms Reference (3rd floor)  |t 0  |e AI21 .T46  |h Library of Congress classification  |i unmediated -- volume  |l 1981:v.1:A-J  |m A14826279137 
952 f f |p 4_hour  |a Texas A&M University  |b College Station  |c Sterling C. Evans Library  |d Evans: Microforms Reference (3rd floor)  |t 0  |e AI21 .T46  |h Library of Congress classification  |i unmediated -- volume  |l 1979:v.1:A-J  |m A14826278979 
952 f f |p 4_hour  |a Texas A&M University  |b College Station  |c Sterling C. Evans Library  |d Evans: Microforms Reference (3rd floor)  |t 0  |e AI21 .T46  |h Library of Congress classification  |i unmediated -- volume  |l 1973:July/Sept.  |m A14826278254 
952 f f |p 4_hour  |a Texas A&M University  |b College Station  |c Sterling C. Evans Library  |d Evans: Microforms Reference (3rd floor)  |t 0  |e AI21 .T46  |h Library of Congress classification  |i unmediated -- volume  |k 2000  |m A14827220597 
952 f f |p 4_hour  |a Texas A&M University  |b College Station  |c Sterling C. Evans Library  |d Evans: Microforms Reference (3rd floor)  |t 0  |e AI21 .T46  |h Library of Congress classification  |i unmediated -- volume  |l 1993  |m A14818510668 
952 f f |p 4_hour  |a Texas A&M University  |b College Station  |c Sterling C. Evans Library  |d Evans: Microforms Reference (3rd floor)  |t 0  |e AI21 .T46  |h Library of Congress classification  |i unmediated -- volume  |l 1984  |m A14826278262 
952 f f |p 4_hour  |a Texas A&M University  |b College Station  |c Sterling C. Evans Library  |d Evans: Microforms Reference (3rd floor)  |t 0  |e AI21 .T46  |h Library of Congress classification  |i unmediated -- volume  |k 2013:Mar.  |m A14842164403 
952 f f |p 4_hour  |a Texas A&M University  |b College Station  |c Sterling C. Evans Library  |d Evans: Microforms Reference (3rd floor)  |t 0  |e AI21 .T46  |h Library of Congress classification  |i unmediated -- volume  |k 2001  |m A14828636050 
952 f f |p 4_hour  |a Texas A&M University  |b College Station  |c Sterling C. Evans Library  |d Evans: Microforms Reference (3rd floor)  |t 0  |e AI21 .T46  |h Library of Congress classification  |i unmediated -- volume  |l 1989  |m A14812240794 
952 f f |p 4_hour  |a Texas A&M University  |b College Station  |c Sterling C. Evans Library  |d Evans: Microforms Reference (3rd floor)  |t 0  |e AI21 .T46  |h Library of Congress classification  |i unmediated -- volume  |k 2012  |m A14841834584 
952 f f |p 4_hour  |a Texas A&M University  |b College Station  |c Sterling C. Evans Library  |d Evans: Microforms Reference (3rd floor)  |t 0  |e AI21 .T46  |h Library of Congress classification  |i unmediated -- volume  |l 1990  |m A14814721584 
952 f f |p 4_hour  |a Texas A&M University  |b College Station  |c Sterling C. Evans Library  |d Evans: Microforms Reference (3rd floor)  |t 0  |e AI21 .T46  |h Library of Congress classification  |i unmediated -- volume  |k 2013:Feb.  |m A14842164288 
952 f f |p 4_hour  |a Texas A&M University  |b College Station  |c Sterling C. Evans Library  |d Evans: Microforms Reference (3rd floor)  |t 0  |e AI21 .T46  |h Library of Congress classification  |i unmediated -- volume  |k 2003  |m A14831876601 
952 f f |p 4_hour  |a Texas A&M University  |b College Station  |c Sterling C. Evans Library  |d Evans: Microforms Reference (3rd floor)  |t 0  |e AI21 .T46  |h Library of Congress classification  |i unmediated -- volume  |l 1975:Oct./Dec.  |m A14826278610 
952 f f |p 4_hour  |a Texas A&M University  |b College Station  |c Sterling C. Evans Library  |d Evans: Microforms Reference (3rd floor)  |t 0  |e AI21 .T46  |h Library of Congress classification  |i unmediated -- volume  |k 2013:Jan.  |m A14842164296 
952 f f |p 4_hour  |a Texas A&M University  |b College Station  |c Sterling C. Evans Library  |d Evans: Microforms Reference (3rd floor)  |t 0  |e AI21 .T46  |h Library of Congress classification  |i unmediated -- volume  |l 1988  |m A14826278424 
952 f f |p 4_hour  |a Texas A&M University  |b College Station  |c Sterling C. Evans Library  |d Evans: Microforms Reference (3rd floor)  |t 0  |e AI21 .T46  |h Library of Congress classification  |i unmediated -- volume  |l 1973:Apr./June  |m A14826278212 
952 f f |p 4_hour  |a Texas A&M University  |b College Station  |c Sterling C. Evans Library  |d Evans: Microforms Reference (3rd floor)  |t 0  |e AI21 .T46  |h Library of Congress classification  |i unmediated -- volume  |l 1975:July/Sept.  |m A14826278571 
952 f f |p 4_hour  |a Texas A&M University  |b College Station  |c Sterling C. Evans Library  |d Evans: Microforms Reference (3rd floor)  |t 0  |e AI21 .T46  |h Library of Congress classification  |i unmediated -- volume  |l 1975:Apr./June  |m A14826278539 
952 f f |p 4_hour  |a Texas A&M University  |b College Station  |c Sterling C. Evans Library  |d Evans: Microforms Reference (3rd floor)  |t 0  |e AI21 .T46  |h Library of Congress classification  |i unmediated -- volume  |l 1983  |m A14826278220 
952 f f |p 4_hour  |a Texas A&M University  |b College Station  |c Sterling C. Evans Library  |d Evans: Microforms Reference (3rd floor)  |t 0  |e AI21 .T46  |h Library of Congress classification  |i unmediated -- volume  |l 1991  |m A14815621884 
952 f f |p 4_hour  |a Texas A&M University  |b College Station  |c Sterling C. Evans Library  |d Evans: Microforms Reference (3rd floor)  |t 0  |e AI21 .T46  |h Library of Congress classification  |i unmediated -- volume  |l 1997  |m A14823379904 
952 f f |p 4_hour  |a Texas A&M University  |b College Station  |c Sterling C. Evans Library  |d Evans: Microforms Reference (3rd floor)  |t 0  |e AI21 .T46  |h Library of Congress classification  |i unmediated -- volume  |l 1996  |m A14820973000 
952 f f |p 4_hour  |a Texas A&M University  |b College Station  |c Sterling C. Evans Library  |d Evans: Microforms Reference (3rd floor)  |t 0  |e AI21 .T46  |h Library of Congress classification  |i unmediated -- volume  |l 1980:v.1:A-J  |m A14826279056 
952 f f |p 4_hour  |a Texas A&M University  |b College Station  |c Sterling C. Evans Library  |d Evans: Microforms Reference (3rd floor)  |t 0  |e AI21 .T46  |h Library of Congress classification  |i unmediated -- volume  |k 2009  |m A14839134998 
952 f f |p 4_hour  |a Texas A&M University  |b College Station  |c Sterling C. Evans Library  |d Evans: Microforms Reference (3rd floor)  |t 0  |e AI21 .T46  |h Library of Congress classification  |i unmediated -- volume  |k 2007  |m A14837239857 
952 f f |p 4_hour  |a Texas A&M University  |b College Station  |c Sterling C. Evans Library  |d Evans: Microforms Reference (3rd floor)  |t 0  |e AI21 .T46  |h Library of Congress classification  |i unmediated -- volume  |l 1981:v.2:K-Z  |m A14826278107 
952 f f |p 4_hour  |a Texas A&M University  |b College Station  |c Sterling C. Evans Library  |d Evans: Microforms Reference (3rd floor)  |t 0  |e AI21 .T46  |h Library of Congress classification  |i unmediated -- volume  |l 1973:Oct./Dec.  |m A14826278296 
952 f f |p 4_hour  |a Texas A&M University  |b College Station  |c Sterling C. Evans Library  |d Evans: Microforms Reference (3rd floor)  |t 0  |e AI21 .T46  |h Library of Congress classification  |i unmediated -- volume  |k 2004  |m A14831437431 
952 f f |p 4_hour  |a Texas A&M University  |b College Station  |c Sterling C. Evans Library  |d Evans: Microforms Reference (3rd floor)  |t 0  |e AI21 .T46  |h Library of Congress classification  |i unmediated -- volume  |l 1986  |m A14826278343 
952 f f |p 4_hour  |a Texas A&M University  |b College Station  |c Sterling C. Evans Library  |d Evans: Microforms Reference (3rd floor)  |t 0  |e AI21 .T46  |h Library of Congress classification  |i unmediated -- volume  |l 1975:Jan./Mar.  |m A14826278490 
952 f f |p 4_hour  |a Texas A&M University  |b College Station  |c Sterling C. Evans Library  |d Evans: Microforms Reference (3rd floor)  |t 0  |e AI21 .T46  |h Library of Congress classification  |i unmediated -- volume  |l 1977:v.2:K-Z  |m A14826278856 
952 f f |p 4_hour  |a Texas A&M University  |b College Station  |c Sterling C. Evans Library  |d Evans: Microforms Reference (3rd floor)  |t 0  |e AI21 .T46  |h Library of Congress classification  |i unmediated -- volume  |l 1974:Jan./Mar.  |m A14826278335 
952 f f |p 4_hour  |a Texas A&M University  |b College Station  |c Sterling C. Evans Library  |d Evans: Microforms Reference (3rd floor)  |t 0  |e AI21 .T46  |h Library of Congress classification  |i unmediated -- volume  |k 2005  |m A14833978645 
952 f f |p 4_hour  |a Texas A&M University  |b College Station  |c Sterling C. Evans Library  |d Evans: Microforms Reference (3rd floor)  |t 0  |e AI21 .T46  |h Library of Congress classification  |i unmediated -- volume  |l 1974:Oct./Dec.  |m A14826278458 
952 f f |p 4_hour  |a Texas A&M University  |b College Station  |c Sterling C. Evans Library  |d Evans: Microforms Reference (3rd floor)  |t 0  |e AI21 .T46  |h Library of Congress classification  |i unmediated -- volume  |l 1995  |m A14820188354 
952 f f |p 4_hour  |a Texas A&M University  |b College Station  |c Sterling C. Evans Library  |d Evans: Microforms Reference (3rd floor)  |t 0  |e AI21 .T46  |h Library of Congress classification  |i unmediated -- volume  |l 1979:v.2:K-Z  |m A14826279014 
952 f f |p 4_hour  |a Texas A&M University  |b College Station  |c Sterling C. Evans Library  |d Evans: Microforms Reference (3rd floor)  |t 0  |e AI21 .T46  |h Library of Congress classification  |i unmediated -- volume  |k 2013:Apr.  |m A14842164411 
952 f f |p 4_hour  |a Texas A&M University  |b College Station  |c Sterling C. Evans Library  |d Evans: Microforms Reference (3rd floor)  |t 0  |e AI21 .T46  |h Library of Congress classification  |i unmediated -- volume  |k 2011  |m A14841358906 
952 f f |p 4_hour  |a Texas A&M University  |b College Station  |c Sterling C. Evans Library  |d Evans: Microforms Reference (3rd floor)  |t 0  |e AI21 .T46  |h Library of Congress classification  |i unmediated -- volume  |l 1976:Apr./June  |m A14826278694 
952 f f |p 4_hour  |a Texas A&M University  |b College Station  |c Sterling C. Evans Library  |d Evans: Microforms Reference (3rd floor)  |t 0  |e AI21 .T46  |h Library of Congress classification  |i unmediated -- volume  |l 1976:Oct./Dec.  |m A14826278775 
952 f f |p 4_hour  |a Texas A&M University  |b College Station  |c Sterling C. Evans Library  |d Evans: Microforms Reference (3rd floor)  |t 0  |e AI21 .T46  |h Library of Congress classification  |i unmediated -- volume  |l 1973:Jan./Mar.  |m A14826278173 
952 f f |p 4_hour  |a Texas A&M University  |b College Station  |c Sterling C. Evans Library  |d Evans: Microforms Reference (3rd floor)  |t 0  |e AI21 .T46  |h Library of Congress classification  |i unmediated -- volume  |k 2002  |m A14830317476 
952 f f |p 4_hour  |a Texas A&M University  |b College Station  |c Sterling C. Evans Library  |d Evans: Microforms Reference (3rd floor)  |t 0  |e AI21 .T46  |h Library of Congress classification  |i unmediated -- volume  |l 1978:v.1:A-J  |m A14826278898 
952 f f |p 4_hour  |a Texas A&M University  |b College Station  |c Sterling C. Evans Library  |d Evans: Microforms Reference (3rd floor)  |t 0  |e AI21 .T46  |h Library of Congress classification  |i unmediated -- volume  |k 2013:June  |m A14842164437 
952 f f |p 4_hour  |a Texas A&M University  |b College Station  |c Sterling C. Evans Library  |d Evans: Microforms Reference (3rd floor)  |t 0  |e AI21 .T46  |h Library of Congress classification  |i unmediated -- volume  |l 1978:v.2:K-Z  |m A14826278937 
952 f f |p 4_hour  |a Texas A&M University  |b College Station  |c Sterling C. Evans Library  |d Evans: Microforms Reference (3rd floor)  |t 0  |e AI21 .T46  |h Library of Congress classification  |i unmediated -- volume  |l 1982:v.1:A-J  |m A14826278149 
952 f f |p 4_hour  |a Texas A&M University  |b College Station  |c Sterling C. Evans Library  |d Evans: Microforms Reference (3rd floor)  |t 0  |e AI21 .T46  |h Library of Congress classification  |i unmediated -- volume  |l 1977:v.1:A-J  |m A14826278814 
952 f f |p 4_hour  |a Texas A&M University  |b College Station  |c Sterling C. Evans Library  |d Evans: Microforms Reference (3rd floor)  |t 0  |e AI21 .T46  |h Library of Congress classification  |i unmediated -- volume  |l 1976:Jan./Mar.  |m A14826421483 
952 f f |p 4_hour  |a Texas A&M University  |b College Station  |c Sterling C. Evans Library  |d Evans: Microforms Reference (3rd floor)  |t 0  |e AI21 .T46  |h Library of Congress classification  |i unmediated -- volume  |l 1999  |m A14826050266 
952 f f |p 4_hour  |a Texas A&M University  |b College Station  |c Sterling C. Evans Library  |d Evans: Microforms Reference (3rd floor)  |t 0  |e AI21 .T46  |h Library of Congress classification  |i unmediated -- volume  |k 2006  |m A14834012264 
952 f f |p 4_hour  |a Texas A&M University  |b College Station  |c Sterling C. Evans Library  |d Evans: Microforms Reference (3rd floor)  |t 0  |e AI21 .T46  |h Library of Congress classification  |i unmediated -- volume  |l 1998  |m A14825158192 
952 f f |p 4_hour  |a Texas A&M University  |b College Station  |c Sterling C. Evans Library  |d Evans: Microforms Reference (3rd floor)  |t 0  |e AI21 .T46  |h Library of Congress classification  |i unmediated -- volume  |l 1980:v.2:K-Z  |m A14826279098 
952 f f |p 4_hour  |a Texas A&M University  |b College Station  |c Sterling C. Evans Library  |d Evans: Microforms Reference (3rd floor)  |t 0  |e AI21 .T46  |h Library of Congress classification  |i unmediated -- volume  |l 1987  |m A14826278385 
952 f f |p 4_hour  |a Texas A&M University  |b College Station  |c Sterling C. Evans Library  |d Evans: Microforms Reference (3rd floor)  |t 0  |e AI21 .T46  |h Library of Congress classification  |i unmediated -- volume  |l 1985  |m A14826278301 
952 f f |p 4_hour  |a Texas A&M University  |b College Station  |c Sterling C. Evans Library  |d Evans: Microforms Reference (3rd floor)  |t 0  |e AI21 .T46  |h Library of Congress classification  |i unmediated -- volume  |l 1982:v.2:K-Z  |m A14826278181 
952 f f |p 4_hour  |a Texas A&M University  |b College Station  |c Sterling C. Evans Library  |d Evans: Microforms Reference (3rd floor)  |t 0  |e AI21 .T46  |h Library of Congress classification  |i unmediated -- volume  |l 1992  |m A14817100258 
952 f f |p 4_hour  |a Texas A&M University  |b College Station  |c Sterling C. Evans Library  |d Evans: Microforms Reference (3rd floor)  |t 0  |e AI21 .T46  |h Library of Congress classification  |i unmediated -- volume  |l 1974:July/Sept.  |m A14826278416 
952 f f |p 4_hour  |a Texas A&M University  |b College Station  |c Sterling C. Evans Library  |d Evans: Microforms Reference (3rd floor)  |t 0  |e AI21 .T46  |h Library of Congress classification  |i unmediated -- volume  |l 1994  |m A14819095001 
952 f f |p 4_hour  |a Texas A&M University  |b College Station  |c Sterling C. Evans Library  |d Evans: Microforms Reference (3rd floor)  |t 0  |e AI21 .T46  |h Library of Congress classification  |i unmediated -- volume  |k 2013:May  |m A14842164429 
998 f f |a AI21 .T46  |s 2013:Jan.-July  |t 0  |l Evans: Microforms Reference (3rd floor)